T.G. Masaryk, otec národa! /

Další autoři: Kühn, Ludvík, 1893-1963
Jazyk: Slovenština
Vydáno: Prešov : Ktl. Sv. Mikuláš, 1920
Edice: Nedeľné čitanie
Fyzický popis: 15 s. ; 8°
Knihy
Uloženo v:
LEADER 00724nam a22002292a 4500
001 001619470
003 CZ BrMZK
005 20180307074340.0
007 ta
008 180307s1920 xo er|||||||||||slo d
040 |a ABA001  |b cze  |c LIA001  |d ABA001  |e aacr2  |d BOA001 
245 0 0 |a T.G. Masaryk, otec národa! /  |c Sostav. Josef Ludvík Kühn 
260 |a Prešov :  |b Ktl. Sv. Mikuláš,  |c 1920 
300 |a 15 s. ;  |c 8° 
490 1 |a Nedeľné čitanie ;  |v 1 
700 1 |a Kühn, Ludvík,  |d 1893-1963  |7 jk01070702  |4 com 
830 0 |a Nedeľné čitanie 
910 |a BOA001  |b Mas-0122.917 
990 |a BK 
993 |a Y 
991 |b 201803 
996 6 |b 2619198364  |c Mas-0122.917  |l MZK  |r Sklad / do 1 hodiny  |n 0  |w 001655130  |u 000010  |a 1  |e BOA001  |j MZK50  |s P